The effect of simple carbohydrates on the vulcanisation of rubber (Record no. 70638)

MARC details
000 -LEADER
fixed length control field 00411nam a2200145Ia 4500
100 ## - MAIN ENTRY--AUTHOR NAME
Personal name Bishop R O
245 #4 - TITLE STATEMENT
Title The effect of simple carbohydrates on the vulcanisation of rubber
260 ## - PUBLICATION, DISTRIBUTION, ETC. (IMPRINT)
Name of publisher Journal of the Rubber Research Institute of Malaya
Year of publication 1932
300 ## - PHYSICAL DESCRIPTION
Number of Pages 150-159
650 ## - SUBJECT ADDED ENTRY--TOPICAL TERM
Topical Term Rubber
650 ## - SUBJECT ADDED ENTRY--TOPICAL TERM
Topical Term Vulcanisation
700 ## - ADDED ENTRY--PERSONAL NAME
Personal name Rhodes E
942 ## - ADDED ENTRY ELEMENTS (KOHA)
Koha item type Journals
Holdings
Withdrawn status Lost status Damaged status Not for loan Home library Current library Shelving location Date acquired Serial Enumeration / chronology Koha item type
      Journals RRII Library RRII Library Rubber chemistry 17/12/2021 Volume 3, Issue 3 Journals